Politická ekonomie

Uložené v:
Podrobná bibliografia
Médium: Seriál
Jazyk:Czech
Vydavateľské údaje: Praha Ekonomický ústav ČSAV 1980
Tagy: Pridať tag
Žiadne tagy, Buďte prvý, kto otaguje tento záznam!

MARC

LEADER 00000nas2a2200000 4500
001 s124352
005 20250730114224.2
041 0 |a cze 
044 |a CZ 
245 1 0 |a Politická ekonomie 
264 1 |a Praha  |b Ekonomický ústav ČSAV  |c 1980 
300 |a 2 zv. 
773 0 |w eu_un_cat*s120013